Secrets of Signals Intelligence During the Cold War and Beyond : (Record no. 617035)

MARC details
000 -LEADER
fixed length control field 00532nam a2200193 a 4500
008 - FIXED-LENGTH DATA ELEMENTS--GENERAL INFORMATION
fixed length control field 260305s2001##################000#0#eng##
020 ## - INTERNATIONAL STANDARD BOOK NUMBER
ISBN 9780714651767
082 04 - DEWEY DECIMAL CLASSIFICATION NUMBER
Classification number 327.12
Item number AID
100 1# - MAIN ENTRY--AUTHOR NAME
Personal name Aid, Matthew M.,
245 10 - TITLE STATEMENT
Title Secrets of Signals Intelligence During the Cold War and Beyond :
260 ## - PUBLICATION, DISTRIBUTION, ETC. (IMPRINT)
Name of publisher Psychology Press,
Year of publication 2001.
300 ## - PHYSICAL DESCRIPTION
Number of Pages 374 pages
650 #0 - SUBJECT ADDED ENTRY--TOPICAL TERM
Topical Term History.
942 ## - ADDED ENTRY ELEMENTS (KOHA)
Koha item type English Books
Holdings
Withdrawn status Lost status Damaged status Not for loan Home library Current library Shelving location Date acquired Full call number Accession Number Price effective from Koha item type
        Anna Centenary Library Anna Centenary Library 3RD FLOOR, B WING 05.03.2026 327.12 AID 175217 05.03.2026 English Books

Find us on the map